00420nam a2200121Ia 4500008004100000020001800041100002700059245007000086260002200156650001200178650006300190856004500253171212s9999 xx 000 0 und d a9780731537570 aMulgan, Aurelia George cMulgan, Aurelia GeorgeaPower and PorkbA Japanese Political Life bANU E Pressc2006 aHistory aJapan -- Politics and government; Japan -- Economic policy uwww.jstor.org/stable/10.2307/j.ctt2jbjf8